000 00345nam a2200109Ia 4500
008 171211s9999 xx 000 0 und d
245 4 _aThe Making of a Black Scholar: From Georgia to the Ivy League (Singular Lives)
245 _cHorace A. Porter
260 _c2003
650 _xBiography
856 _uhttp://down.ebook777.com/061/0877458359.pdf
999 _c349930
_d349930